Statystyki dla Największe miasta woj. podlaskiego

Kliknij tutaj aby rozwiązać quiz!

Ogólne statystyki

  • Ten quiz został rozwiązany 212 razy
  • Średni wynik to 7 z 10

Statystyki odpowiedzi

HintOdpowiedź% Poprawnych
294 675Białystok
100%
69 331Suwałki
93%
62 946Łomża
83%
30 799Augustów
78%
22 013Hajnówka
68%
26 545Bielsk Podlaski
67%
22 653Zambrów
59%
22 413Grajewo
58%
18 974Sokółka
55%
16 153Łapy
40%

Rozkład punktacji

Percentyl według liczby udzielonych odpowiedzi

Procent ludzi z każdym wynikiem

Twoja historia wyników

Nie rozwiązałeś tego quizu